Online katalóg knižníc regiónu Turca

Nechcel som byť žid (Record no. 22254)

MARC details
000 -LEADER
fixed length control field 02511cam a2200673 a 4500
001 - CONTROL NUMBER
control field 22254
003 - CONTROL NUMBER IDENTIFIER
control field VRT
005 - DATE AND TIME OF LATEST TRANSACTION
control field 20260324093655.0
008 - FIXED-LENGTH DATA ELEMENTS--GENERAL INFORMATION
fixed length control field 251001s2017 xo e 000 0aslo
015 ## - NATIONAL BIBLIOGRAPHY NUMBER
National bibliography number SNBA2017/09
020 ## - INTERNATIONAL STANDARD BOOK NUMBER
International Standard Book Number 9788089499441
Qualifying information (brož.)
035 ## - SYSTEM CONTROL NUMBER
System control number 21999BAE-5F55-46D6-9E7E-3F8C5BF519BD
035 ## - SYSTEM CONTROL NUMBER
System control number urn:nbn:sk:snk-am3ib5i
035 ## - SYSTEM CONTROL NUMBER
System control number urn:nbn:sk:snk-am00e0m8
039 #9 - LEVEL OF BIBLIOGRAPHIC CONTROL AND CODING DETAIL [OBSOLETE]
Level of rules in bibliographic description 202510011111
Level of effort used to assign nonsubject heading access points VLOAD
Level of effort used to assign subject headings 202504011347
Level of effort used to assign classification msnk115
Level of effort used to assign subject headings 202403141051
Level of effort used to assign classification VLOAD
Level of effort used to assign subject headings 202311101355
Level of effort used to assign classification AUTHORITY
040 ## - CATALOGING SOURCE
Original cataloging agency SVKPO
Language of cataloging slo
Transcribing agency SVKPO
Modifying agency SNK
Description conventions AACR2
041 0# - LANGUAGE CODE
Language code of text/sound track or separate title slo
044 ## - COUNTRY OF PUBLISHING/PRODUCING ENTITY CODE
MARC country code xo
ISO country code SK
072 #7 - SUBJECT CATEGORY CODE
Subject category code 323
Subject category code subdivision Vnútropolitický vývoj, politický život
Source konspekt
072 #7 - SUBJECT CATEGORY CODE
Subject category code 929
Subject category code subdivision Biografie
Source konspekt
080 ## - UNIVERSAL DECIMAL CLASSIFICATION NUMBER
Universal Decimal Classification number 94(100)"1939/1945"
Edition identifier 2011
080 ## - UNIVERSAL DECIMAL CLASSIFICATION NUMBER
Universal Decimal Classification number 323.12"1939/1945"
Edition identifier 2011
080 ## - UNIVERSAL DECIMAL CLASSIFICATION NUMBER
Universal Decimal Classification number (=411.16)
Edition identifier 2011
080 ## - UNIVERSAL DECIMAL CLASSIFICATION NUMBER
Universal Decimal Classification number 323.28
Edition identifier 2011
080 ## - UNIVERSAL DECIMAL CLASSIFICATION NUMBER
Universal Decimal Classification number (437.6)
Edition identifier 2011
080 ## - UNIVERSAL DECIMAL CLASSIFICATION NUMBER
Universal Decimal Classification number (0:82-94)
Edition identifier 2011
100 1# - MAIN ENTRY--PERSONAL NAME
Personal name Špitzer, Juraj,
Dates associated with a name 1919-1995
Relationship aut
245 10 - TITLE STATEMENT
Title Nechcel som byť žid
Statement of responsibility, etc. Juraj Špitzer
250 ## - EDITION STATEMENT
Edition statement 2., rozš. a dopl. vyd.
260 ## - PUBLICATION, DISTRIBUTION, ETC.
Place of publication, distribution, etc. Ivanka pri Dunaji
Name of publisher, distributor, etc. F. R. & G.
Date of publication, distribution, etc. 2017
300 ## - PHYSICAL DESCRIPTION
Extent 397 s.
Dimensions 19 cm
490 1# - SERIES STATEMENT
Series statement Knižná edícia časopisu Fragment
600 17 - SUBJECT ADDED ENTRY--PERSONAL NAME
Personal name Špitzer, Juraj,
Dates associated with a name 1919-1995
Source of heading or term SNKMA
648 #7 - SUBJECT ADDED ENTRY--CHRONOLOGICAL TERM
Chronological term 20. storočie
Source of heading or term SNKPH
648 #7 - SUBJECT ADDED ENTRY--CHRONOLOGICAL TERM
Chronological term 20th century
Source of heading or term SNKPHeng
650 07 - SUBJECT ADDED ENTRY--TOPICAL TERM
Topical term or geographic name entry element druhá svetová vojna (1939-1945)
Source of heading or term SNKPH
650 07 - SUBJECT ADDED ENTRY--TOPICAL TERM
Topical term or geographic name entry element holokaust (1939-1945)
Source of heading or term SNKPH
650 07 - SUBJECT ADDED ENTRY--TOPICAL TERM
Topical term or geographic name entry element Židia
General subdivision perzekúcie
Source of heading or term SNKPH
650 07 - SUBJECT ADDED ENTRY--TOPICAL TERM
Topical term or geographic name entry element World War (1939-1945)
Source of heading or term SNKPHeng
650 07 - SUBJECT ADDED ENTRY--TOPICAL TERM
Topical term or geographic name entry element Holocaust (1939-1945)
Source of heading or term SNKPHeng
650 07 - SUBJECT ADDED ENTRY--TOPICAL TERM
Topical term or geographic name entry element Jews
General subdivision persecution
Source of heading or term SNKPHeng
651 #7 - SUBJECT ADDED ENTRY--GEOGRAPHIC NAME
Geographic name Slovensko
Source of heading or term SNKPH
651 #7 - SUBJECT ADDED ENTRY--GEOGRAPHIC NAME
Geographic name Slovakia
Source of heading or term SNKPHeng
655 #7 - INDEX TERM--GENRE/FORM
Genre/form data or focus term autobiografické spomienky
Source of term SNKPH
655 #7 - INDEX TERM--GENRE/FORM
Genre/form data or focus term Autobiographical reminiscences
Source of term SNKPHeng
830 #0 - SERIES ADDED ENTRY--UNIFORM TITLE
Uniform title Knižná edícia časopisu Fragment
910 ## - USER-OPTION DATA (OCLC)
User-option data savuk
910 ## - USER-OPTION DATA (OCLC)
User-option data snk
910 ## - USER-OPTION DATA (OCLC)
User-option data pokpoh
942 ## - ADDED ENTRY ELEMENTS (KOHA)
Source of classification or shelving scheme Dewey Decimal Classification
Koha item type Krásna literatúra pre dospelých
Suppress in OPAC No
949 ## - LOCAL PROCESSING INFORMATION (OCLC)
6 17A1270839
a snkSD 86505
b snk2017/18915
o 1427/2017
s 6100:20170913
949 ## - LOCAL PROCESSING INFORMATION (OCLC)
6 17A1270840
a snkSD 86505 D1
b snk2017/18916
o 1427/2017
949 ## - LOCAL PROCESSING INFORMATION (OCLC)
6 273K0626455
a svkpoA 236319
b svkpo619197
949 ## - LOCAL PROCESSING INFORMATION (OCLC)
6 273K0614121
a svkpoA 233172
b svkpo608860
949 ## - LOCAL PROCESSING INFORMATION (OCLC)
6 270001000561567
a svkbbA 151089
b svkbbm 769269
949 ## - LOCAL PROCESSING INFORMATION (OCLC)
6 3830001125859
a kurukT18/ŠPIT1-4
b kuruk2017/F7175
o G2017/Portál/FV-445/2017/UK/ projekt č. 17-513-02467, podporený Fondom na podporu umenia na rok 2017
949 ## - LOCAL PROCESSING INFORMATION (OCLC)
6 2889326989
a savukM 119221
b savuk2017/2598
Holdings
Stav vyradenia Strata Poškodenie Spôsob nadobudnutia Domovská knižnica Aktuálna knižnica Dátum nadobudnutia Total checkouts Čiarový kód exemplára Date last seen Typ exemplára
      Dar Obecná knižnica Turčianska Štiavnička Obecná knižnica Turčianska Štiavnička 24.03.2026   4738000701 24.03.2026 Krásna literatúra pre dospelých
Projekt je podporený Slovenskou asociáciou knižníc
Prevádzkuje Turčianska knižnica Martin 2026